| 000 | 01202cam a22002771i 4500 | ||
|---|---|---|---|
| 003 | SA-RiAUC | ||
| 005 | 20250822120630.0 | ||
| 008 | 250801s1996 su g 00000 ara c | ||
| 020 | _a9960911675 | ||
| 040 |
_aSA-MaUQU _bara _cSA-RiAUC _erda |
||
| 082 | 0 | 4 | _a230 |
| 090 |
_a230 _bا ب ن ت |
||
| 100 | 1 |
_aابن تيمية، أحمد بن عبد الحليم بن عبد السلام، _d661-728 هجري _eمؤلف. |
|
| 245 | 1 | 2 |
_aالقواعد والفوائد الحديثة من منهاج السنة النبوية / _cأحمد بن عبد الحليم بن عبد السلام بن تيمية ؛ تحقيق علي بن محمد العمران. |
| 250 | _aالطبعة الأولى. | ||
| 264 | 1 |
_aمكه المكرمة : _bدار عالم الفوائد، _c1996 |
|
| 300 |
_a220 صفحة ؛ _c24 سم |
||
| 336 |
_aنص _btxt _2rdacontent _3كتاب |
||
| 337 |
_aبدون وسيط _bn _2rdamedia |
||
| 338 |
_aمجلد _bnc _2rdacarrier |
||
| 650 | 7 |
_aالسنة _2aucsh |
|
| 650 | 7 |
_aالحديث _xمباحث عامة _2aucsh |
|
| 700 | 1 |
_aالعمران، علي بن محمد، _d1390 هجري- _eمحقق. |
|
| 942 |
_2ddc _cBOOK _n0 |
||
| 949 |
_aSA-JeALM _d250801 _umohamedma123 _n1 |
||
| 999 |
_c11004 _d11004 |
||